The Message of Islam / (Record no. 20695)

MARC details
000 -LEADER
fixed length control field 00461nam a22001697a 4500
003 - CONTROL NUMBER IDENTIFIER
control field BDDh-ASL
005 - DATE AND TIME OF LATEST TRANSACTION
control field 20231015025925.0
008 - FIXED-LENGTH DATA ELEMENTS--GENERAL INFORMATION
fixed length control field 210113s19761979pk ||||| |||| 00| 0 eng d
040 ## - CATALOGING SOURCE
Transcribing agency BDDh-ASL
082 ## - DEWEY DECIMAL CLASSIFICATION NUMBER
Classification number 297.1
Item number ALM
100 1# - MAIN ENTRY--PERSONAL NAME
9 (RLIN) 2734
Personal name Ali, A. Yusuf
245 14 - TITLE STATEMENT
Title The Message of Islam /
260 ## - PUBLICATION, DISTRIBUTION, ETC.
Place of publication, distribution, etc. New Delhi:
-- Lahore:
Name of publisher, distributor, etc. Kitab Bhavan,
-- SH. Muhammad Ashraf,
Date of publication, distribution, etc. 1979.
-- 1976
300 ## - PHYSICAL DESCRIPTION
Extent 127 p.:
Dimensions 18 cm.
650 #0 - SUBJECT ADDED ENTRY--TOPICAL TERM
9 (RLIN) 1652
Topical term or geographic name entry element Islam
942 ## - ADDED ENTRY ELEMENTS (KOHA)
Source of classification or shelving scheme Dewey Decimal Classification
Koha item type Books
Holdings
Withdrawn status Lost status Source of classification or shelving scheme Damaged status Not for loan Collection code Home library Current library Shelving location Date acquired Source of acquisition Total Checkouts Full call number Barcode Date last seen Copy number Price effective from Koha item type
    Dewey Decimal Classification     Non-fiction Asiatic Society Library Asiatic Society Library General Stacks 01/13/2021 Donated by Prof. Husniara Huq   297.1 ALM 104168 01/13/2021 C-2 01/13/2021 Books

Powered by Koha